Statistiques concernant Histoire de France - de A à Z.

Cliquez ici pour prendre le quiz!

Statistiques générales

  • Ce quiz a été pris 16 280 fois
  • Le résultat moyen est 20 sur 25

Statistiques - réponses

LettreQuestionRéponse% Correct
BElle fut "prise" par les révolutionnaires en 1789.Bastille
98%
DGénéral ayant prononcé le célèbre appel du 18 juin 1940.Charles De Gaulle
98%
LIl était surnommé le "Roi Soleil".Louis XIV
96%
AColonie française d'Afrique du Nord de 1830 à 1962.Algérie
95%
CIl fut sacré Empereur en 800.Charlemagne
94%
NIl fut sacré Empereur de la France en 1804.Napoléon Ier
94%
GMode unique d’exécution mis en place lors de la Révolution.Guillotine
93%
SPrésident élu en 2007.Nicolas Sarkozy
92%
PElle fut abolie en France en 1981.Peine de mort
90%
X"Numéro" du Louis Roi en 1789.XVI
86%
ZNom de l'écrivain auteur du célèbre J'accuse en 1898 lors de l’affaire Dreyfus.Émile Zola
85%
VIl fut vaincu par Jules César à Alésia en 52 av. J.-C.Vercingétorix
85%
OJeanne d'Arc était surnommée la pucelle d'_______.Orléans
84%
TCette Dame de Fer fut construite entre 1887 et 1889.Tour Eiffel
84%
FRoi de France de 1515 à 1547.François Ier
83%
RPériode de troubles et changements politiques débutant en 1789.Révolution française
83%
WLieu de la défaite de la France impériale face à l'armée des Alliés en 1815.Waterloo
82%
UOrganisation créée pour la paix en Europe, héritière de la CEE.Union Européenne
76%
HRoi de France de 1574 à 1589.Henri III
67%
MBataille qui eut lieu en 1515 et fit 15 000 morts.Marignan
65%
JPremier ministre français de 1997 à 2002.Lionel Jospin
61%
ELes accords mettant fin à la guerre d'A______ ont été signés dans cette ville.Evian
60%
QRégime en vigueur du 27 octobre 1946 au 4 octobre 1958.Quatrième République
53%
IPrénom de Mme Joliot-Curie, une des trois premières femmes membres d'un gouvernement français et prix Nobel de chimie en 1935.Irène
43%
YRomancière, première femme élue membre de l'Académie française, en 1980.Marguerite Yourcenar
34%

Distribution des résultats

Percentile par nombre de réponses

% des personnes avec chaque résultat

Votre développement - résultats

Vous n’avez pas pris ce quiz